العشرة المُبشرون بالجنة - Statistics

الإحصائيات العامة
  • هذا الإختبار تم الخضوع له 63 مره
  • الدرجة المتوسطة هي 6 من 10
إحصائيات الإجابة
Hint Answer % صحيح
1 أبو بكر الصديق
94%
2 عمر بن الخطاب
94%
3 عثمان بن عفان
89%
4 علي بن أبي طالب
68%
5 الزبير بن العوام
47%
8 سعيد بن زيد
45%
9 سعد بن أبي وقاص
40%
7 عبد الرحمن بن عوف
38%
6 طلحة بن عبيد الله
36%
10 أبوعبيدة بن الجراح
26%
No matching quizzes found
توزيع النقاط
نسبة الأشخاص لكل درجة
النسبة وفقا للأرقام
سجل النقاط الخاصة بك
لم تضخع لهذا الإختبار